Statistiques concernant Vrai ou Faux - Attaque des titans (SNK)

Cliquez ici pour prendre le quiz!

Statistiques générales

  • Ce quiz a été pris 1 212 fois
  • Le résultat moyen est 5 sur 10

Statistiques - réponses

QuestionRéponse% Correct
Ymir a erré pendant 60 ans en dehors des murs lorsqu'elle était un titanVrai
79%
Le genre d'Hansi n'est pas connuVrai
69%
Le véritable nom d'Historia Reiss est Christa LenzFaux
68%
L'oncle de Falco et Kord Gleis était un révolutionnaire avec Grisha JägerVrai
60%
Lors de la première bataille de Shiganshina, Hansi a perdu son oeil droitFaux
53%
Kuchel Ackerman utilisait comme pseudonyme OlympiaVrai
43%
L'emblème de Mahr est un coquillageVrai
40%
Nous ne connaissont que 6 personnes appartenant au clan Ackerman: Kenny et son grand-père, Livai, Kuchel, Mikasa et sa mèreFaux
37%
Après la reprise de Trost, Annie s'excuse auprès du corps de Marco BottFaux
32%
La capitale de l'île de Paradis se nomme MitrasVrai
22%

Distribution des résultats

Percentile par nombre de réponses

% des personnes avec chaque résultat

Votre développement - résultats

Vous n’avez pas pris ce quiz